Jerarcas opinan: servicios de salud privados o mixtos /
Збережено в:
| Автор: | |
|---|---|
| Формат: | Текст |
| Теги: |
Додати тег
Немає тегів, Будьте першим, хто поставить тег для цього запису!
|
MARC
| LEADER | 00000 a a2200000 04500 | ||
|---|---|---|---|
| 001 | 1368 | ||
| 003 | |||
| 040 | |||
| 100 | |a Ramírez F., Eduardo | ||
| 245 | |a Jerarcas opinan: |b servicios de salud privados o mixtos / |c Eduardo Ramírez F. | ||
| 773 | |g número 58; páginas 14-16 | ||
| 999 | |c 24033 |d 24033 | ||
